| 000 | 00703nam a22001937a 4500 | ||
|---|---|---|---|
| 999 |
_c58312 _d58312 |
||
| 005 | 20211102170539.0 | ||
| 008 | 211102s2007 enk||||| |||| 00| 0 rus d | ||
| 020 | _a9788776870560 | ||
| 080 | _a 159.964 X-12 | ||
| 100 |
_aХаббард, Рональд Лафайет. _912701 |
||
| 245 |
_aСаентология : _b Новый взгляд на жизнь / _cЛ. Рон Хаббард. |
||
| 264 |
_aМ. : _b"Нью Эра", _c2007. |
||
| 300 |
_a373 с. : _bил. ; _c24 см. |
||
| 653 | _a დიანეტიკა | ||
| 653 | _a საენტოლოგია | ||
| 653 | _a ცხოვრების აზრი | ||
| 653 | _a ბედნიერება | ||
| 942 |
_2udc _cBK |
||